000
00276nam a22001097a 4500
008
170119b xxu||||| |||| 00| 0 eng d
020
_a
9780812213447
041
_a
eng
080
_a
618.2
245
_a
CARING FOR PATIENTS FROM DIFFERENT CULTURES
_c
GALANTI, G.A
942
_2
udc
_c
BK
999
_c
3157
_d
3157